01099nam a22002177a 4500008004100000020001800041040000800059041000800067050002500075100002300100245002900123260003800152300002700190520048000217650003700697650003600734650003700770651003300807655002000840655002100860250703b |||||||| |||| 00| 0 eng d a9781805300175 ctbs aeng aPR6108.A39bH86 2013 aHaig, Matteauthor aThe humansc/ Matt Haig. aLondon :bCanongate Books,c2023. ax, 308 pages ;c20 cm. aAfter an ''incident'' one wet Friday night where he was found walking naked through the streets of Cambridge, Professor Andrew Martin is not feeling quite himself. Food sickens him. Clothes confound him. Even his loving wife and teenage son are repulsive to him. He feels lost amongst an alien species and hates everyone on the planet. Everyone, that is, except Newton, (and he''s a dog). Who is he really? And what could make someone change their mind about the human race? 0aExtraterrestrial beingsvFiction 0aHuman-alien encountersvFiction 0aUniversity of CambridgevFiction 0aCambridge (England)vFiction 0aScience fiction 0aHumorous fiction